000 02984nmm a2200289 a 4500
003 CO-CtgCURN
005 20250721203649.0
008 240624s2024 xx f 000 0 und d
040 _aCO-CtgCURN
_bspa
_ccoctgcurn
082 _aDER 2024
_bP434
100 _aPerea Castro, Andrea Vanessa
_eautora
_99902
245 0 _a Utilidad necesaria de la de imputación en sistema penal colombiano
_h[electronic resource] /
_cAndrea Vanessa Perea Castro; Tatiana Milena Venegas Jiménez; asesora., Margarita Rosa Rodelo García
260 _aBarranquilla, Atlántico :
_bCorporación Universitaria Rafael Núñez,
_c2024
300 _a1 recurso en línea (44 páginas (PDF)) :
_btablas, ilustraciones
502 _aTrabajo de Grado (Abogado). Corporación Universitaria Rafael Núñez. Facultad de Ciencias Sociales y Humanas. Programa de Derecho, 2024
504 _aIncluye referencias bibliográficas
520 _aDiariamente podemos apreciar la imputación en el sistema penal colombiano, esto a cada persona indiciada de cometer algún acto criminal, tiene como fin la determinación en pleno de una conducta ilícita, que afecte directamente los bienes jurídicos consagrados, ya sea persona natural o jurídica. esto es un conjunto concretado por hechos probados de manera suficiente que indiquen la factible participación de una persona en el hecho objeto de investigación. El problema de la utilidad de la imputación en el proceso penal colombiano se desenlaza desde la vigencia de la ley 906 de 2004, ya que se pueden apreciar una variedad de características que ponen cierta delimitación, esto respecto a la comunicación que debe de originarse entre la persona y el estado. Nuestra carta magna en sus artículos 29 y 250 nos hace referencia a la obligación que todo proceso conforme a derecho penal debe llevar. Se tiene el concepto de que la imputación es un acto de comunicación, esto causa que se pierda la verdadera función de esta, trayendo consigo elementos viciados, referentes a la falta de aplicación de los factores metodológicos. Hay una brecha llamada inexistencia, es decir factores del desarrollo del proceso a las personas vinculadas a un proceso penal, que implican la falta de protección de derechos; esto trae consecuencias fácticas muy graves como son los elementos viciados en el correcto desarrollo del proceso penal, como lo es la posición del "imputado".
521 _aAREA PROFESIONAL
590 _aPrograma de Derecho_18
650 _aDerecho
_vTesis y disertaciones académicas
_99903
650 _aResponsabilidad penal
_99904
700 _aRodelo García, Margarita Rosa
_easesora
_99905
700 _aVenegas Jiménez, Tatiana Milena
_eautora
_99906
856 _uhttps://unicurn.sharepoint.com/:b:/s/biblioteca/EZZ6eSPcNj5OspG1kJ2C0dsB_oprizop7XCq0w9hefijOA?e=wrXHbo
_yConsulte aquí el texto completo
942 _cTG
_hDER 2024
_iP434
_2ddc
_n0
999 _c713
_d713